| 000 | 00473nam a2200193Ia 4500 | ||
|---|---|---|---|
| 005 | 20250603145339.0 | ||
| 008 | 250603s9999 xx 000 0 und d | ||
| 020 | _a9781457642425 | ||
| 050 | _aP 94.65.U6 .C36/ | ||
| 100 | _aCampbell, Richard | ||
| 245 | 0 | _aMedia & culture : mass communication in digital age | |
| 250 | _a9th ed. | ||
| 260 | _aBoston | ||
| 260 | _bBedford/St. Martin’s | ||
| 260 | _c2015 | ||
| 300 | _a583 p | ||
| 650 | _aBoston | ||
| 942 | _cBK | ||
| 999 |
_c41597 _d41597 |
||